00468nam a22001577a 450000500170000001000150001702000260003203500140005803700130007208200100008510000190009524500720011426000770018627000270026330000200029020170531160222.0 aENG-118495 a9789382680192c250.00 aEN-102027 bDBAD/PUB a495.4 aTaid, Tabu Ram aAn introduction to mising phonology and grammar /cby Tabu Ram Taid aGuwahatibAnundoram Borooah Institute Of Language, Art And Culturec2016 aGuwahati-781030, Assam a363pc22cm.(Hb)